Kate Bush Songs - Sudden Death - Statistics

General Stats
  • This quiz has been taken 157 times
  • The average score is 15 of 21
Answers on the Grid
Answers color-coded by a green-red scale on the quiz's grid according to % correct below.
Cloudbusting
This Woman's Work
Hard Times
Rocket Man
The Man With The Child In His Eyes
Army Dreamers
Running Up The Hill
Walking On The Milky Way
Lie On My Bed
King Of The Mountain
Babooshka
Them Heavy People
Navy Nightmares
Hammer Horror
There Goes A Tenner
Sat In Your Lap
Scary Monsters
Strange Phenomena
Queen Of The Night
The Big Sky
New Toy
Rubberband Girl
Snowflake
Night Of The Swallow
Time After Time
Wuthering Heights
Experiment IV
Over You
The Dreaming
Wow
 
Answer Stats
Answer % Correct
Army Dreamers
96%
Running Up The Hill
96%
Babooshka
93%
Cloudbusting
93%
Wuthering Heights
93%
The Man With The Child In His Eyes
84%
This Woman's Work
83%
The Dreaming
81%
The Big Sky
74%
Them Heavy People
74%
Sat In Your Lap
73%
Rubberband Girl
67%
Wow
67%
Hammer Horror
66%
Night Of The Swallow
66%
King Of The Mountain
63%
There Goes A Tenner
61%
Experiment IV
59%
Strange Phenomena
59%
Snowflake
57%
Rocket Man
39%
No matching quizzes found
Score Distribution
Percent of People with Each Score
Percentile by Number Answered
Your Score History
You have not taken this quiz